01810nam a22002654a 4500001000400000003000800004005001700012008003900029020001800068040000800086041000800094082001800102100002700120245009100147250001200238260003400250300001200284500000700296520115000303650002601453650001701479650002101496655001201517655001501529501BR-IBIA20260129100451.0230113s2010 spb 000 0 por a9788576860761 bpor hpor04aB869.3bS762b aSpohr, Eduardo,d1976-12aA batalha do apocalipse:bda queda dos anjos ao crepúsculo do mundo /cEduardo Spohr a18. ed. aCampinas, SP :bVerus,c2010. a586p. ; a  aHá muitos e muitos anos, há tantos anos quanto o número de estrelas no céu, o Paraíso Celeste foi palco de um terrível levante. Um grupo de anjos guerreiros, amantes da justiça e da liberdade, desafiou a tirania dos poderosos arcanjos, levantando armas contra seus opressores. Expulsos, os renegados foram forçados ao exílio, e condenados a vagar pelo mundo dos homens até o dia do Juízo Final. Mas eis que chega o momento do Apocalipse, o tempo do ajuste de contas, o dia do despertar do Altíssimo. Único sobrevivente do expurgo, o líder dos renegados é convidado por Lúcifer, o Arcanjo Negro, a se juntar às suas legiões na batalha do Armagedon, o embate final entre o Céu e o Inferno, a guerra que decidirá não só o destino do mundo, mas o futuro do universo. Das ruínas da Babilônia ao esplendor do Império Romano; das vastas planícies da China aos gelados castelos da Inglaterra medieval. A Batalha do Apocalipse não é apenas uma viagem pela história humana, mas é também uma jornada de conhecimento, um épico empolgante, cheio de lutas heróicas, magia, romance e suspense. 04aLiteratura brasileira00aFim do mundo00aBem contra o mal aRomance aFicção